00375nam a2200157Ia 4500001000500000005001700005008004100022041000800063082001800071100003000089245006000119260000900179300001300188650000800201654000800209102420260306140601.0260306t1996||||xx |||||||||||||| ||spa|| aESP a180bC77 T. 9 aCopleston, FrederickeAUT 0aHistoria de la filosofía:bde Maine de Biran a Sartre c1996 ac22 cm. aGEN aCHU